| 000 | 00461 a2200145 4500 | ||
|---|---|---|---|
| 008 | 250512b |||||||| |||| 00| 0 eng d | ||
| 020 | _a9780691163192 | ||
| 050 |
_aHG2565 _b.B56 |
||
| 100 | _aBinder Sarah | ||
| 245 |
_aThe Myth of Independence _bHow Congress Governs the Federal Reserve |
||
| 260 |
_aNew Jersey _bPrinceton University Press _c2017 |
||
| 300 | _axv, 282P. | ||
| 650 |
_aUnited States. Federal Reserve Board _vUnited States, Congress |
||
| 942 | _cBK | ||
| 999 |
_c3385 _d3385 |
||